Religiosidad y fe en América Latina: ponencias y documentos informativos del Encuentro Latinoamericano de Religiosidad Popular

Gespeichert in:
Bibliographische Detailangaben
Körperschaft: Estudios de religión y teologia (VerfasserIn)
Format: Buch
Sprache:Spanisch
Veröffentlicht: Santiago Ediciones Mundo 1973
Ausgabe:1a. ed
Schriftenreihe:La Fe de un Pueblo, 2
Schlagworte:
Tags: Tag hinzufügen
Keine Tags, Fügen Sie den ersten Tag hinzu!

MARC

LEADER 00000cam a2200000 a 4500
001 UCE7183
003 CL-VaPUC
005 20220713092617.0
008 150529e19730000cl 1 spa d
082 0 4 |a 248  |b REL  |2 21 
110 2 |a Estudios de religión y teologia  |e author  |9 622127 
245 1 0 |a Religiosidad y fe en América Latina: ponencias y documentos informativos del Encuentro Latinoamericano de Religiosidad Popular 
250 |a 1a. ed 
260 |a Santiago  |b Ediciones Mundo  |c 1973 
300 |a 200 p 
490 0 |a La Fe de un Pueblo, 2 
583 |a last modification  |c 20190909 10:36:07  |k Rodrigo Vera 
650 0 7 |a RELIGIOSIDAD  |2 CL-VaPUC  |9 394694 
650 0 0 |a América Latina  |9 437006 
650 0 0 |a Enseñanza de la religión  |9 432005 
942 |c BK 
945 |a gsalatino  |d 20150529 15:00:00 
546 |a En Español 
518 |p Encuentro Latinoamericano de Religiosidad Popular, 1, Santiago de Chile, diciembre de 1973 
999 |c 384800  |d 384798 
952 |0 0  |1 0  |3 erb  |4 0  |6 248_000000000000000_REL_1973  |7 0  |8 P  |9 507780  |a BIBTEO  |b BIBTES  |c TEO_FTES  |e Rehbein Pesce, Antonio  |i 518004K  |o 248 REL 1973  |p 518004K  |r 2024-01-18  |w 2020-01-23  |y BK  |z Catalogado en:20150529  |k ICR